| Tag |
First Indicator |
Second Indicator |
Subfields |
| LEADER |
00000cam a22000001i 4500 |
| 001 |
in00003926821 |
| 006 |
m d f |
| 007 |
cr bn mmmapmmp |
| 008 |
430215s1943 dcu o f000 0 eng d |
| 005 |
20250211000755.5 |
| 035 |
|
|
|a ebd1943010965
|
| 040 |
|
|
|a UMI
|c UMI
|e rda
|d UtOrBLW
|
| 086 |
0 |
|
|a C 3.138:943/7/C 12
|
| 099 |
|
|
|a C3.138..943_7_C12
|
| 110 |
1 |
|
|a United States.
|b Bureau of the Census,
|e issuing body.
|0 http://id.loc.gov/authorities/names/n83054431
|
| 245 |
1 |
0 |
|a Retail sales, independent stores -- California, July 1943.
|
| 264 |
|
1 |
|a [Washington] :
|b [s.n.],
|c 1943.
|
| 300 |
|
|
|a 1 online resource (6 pages), digital, PDF file
|
| 336 |
|
|
|a text
|b txt
|2 rdacontent
|
| 337 |
|
|
|a computer
|b c
|2 rdamedia
|
| 338 |
|
|
|a online resource
|b cr
|2 rdacarrier
|
| 533 |
|
|
|a Electronic reproduction.
|b [Bethesda, Md.] :
|c ProQuest,
|d 2017
|e digital, PDF file.
|n ProQuest U.S. Executive Branch Documents
|n Mode of access: World Wide Web via ProQuest website.
|
| 588 |
|
|
|a Record is based on online resource; title from PDF title page (ProQuest, last viewed Aug. 2017). Reuse except for individual research requires license from ProQuest, LLC.
|
| 651 |
|
0 |
|a California.
|0 http://id.loc.gov/authorities/names/n79041717
|
| 651 |
|
0 |
|a Los Angeles (Calif.)
|0 http://id.loc.gov/authorities/names/n79021240
|
| 651 |
|
0 |
|a Oakland (Calif.)
|0 http://id.loc.gov/authorities/names/n79118971
|
| 651 |
|
0 |
|a San Diego (Calif.)
|0 http://id.loc.gov/authorities/names/n79056560
|
| 856 |
4 |
0 |
|u http://proxy.library.tamu.edu/login?url=http://congressional.proquest.com/congressional/docview/t66.d71.c3.138..943_7_c12?
|y Electronic resource (PDF)
|t 0
|
| 999 |
f |
f |
|s faf87ec4-85cf-3c61-923d-12cc5ac088d3
|i 4721fbf0-fa36-3c3f-8e91-1d91c8699ff4
|t 0
|
| 952 |
f |
f |
|a Texas A&M University
|b College Station
|c Electronic Resources
|d Available Online
|t 0
|h No information provided
|
| 998 |
f |
f |
|t 0
|l Available Online
|